| 000 | 00770nam a22002057a 4500 | ||
|---|---|---|---|
| 005 | 20100731154658.0 | ||
| 010 | _aENG-97497 | ||
| 020 |
_a9788172112745 _c1250.00 |
||
| 020 |
_a8172112742 _c1250.00 |
||
| 035 | _aEN-81030 | ||
| 037 | _bDBAD/PUB | ||
| 082 | _a677.130954 | ||
| 100 |
_aRoul, Chhabilendra _93630 |
||
| 245 |
_aThe international jute commodity system / _cby Chhabilendra Roul |
||
| 260 |
_aNew Delhi _bNorthern Book Centre _c2009 |
||
| 270 |
_a4221/1, Ansari Road, Daryaganj _bNew Delhi _e110002 |
||
| 300 |
_axxxiii, 294p. _c27cm(Hb) |
||
| 942 |
_2ddc _cEN _h677.130954 _mROU |
||
| 999 |
_c38477 _d38477 |
||